banner koha

Avaliação das técnicas de Levaditi e imunoistoquímica na detecção de Leptospira interrogans sorovar pomona em órgãos reprodutores de hamsters machos infectados experimentalmente (Registro n. 193575)

MARC details
000 -LÍDER
campo de controle de tamanho fixo 01241nas a2200385 4500
001 - NÚMERO DE CONTROLE
campo de controle BR0800805
003 - IDENTIFICADOR DO NÚMERO DE CONTROLE
campo de controle BR-BrBNA
005 - DATA E HORÁRIO DA ÚLTIMA TRANSAÇÃO
campo de controle 20231205111622.0
007 - CAMPO FIXO DE DESCRIÇÃO FÍSICA--INFORMAÇÃO GERAL
campo de controle de tamanho fixo ta
008 - CAMPO DE DADOS FIXOS--INFORMAÇÃO GERAL
campo de controle de tamanho fixo 230509b bl.|||p| |||| 00| 00por d
040 ## - FONTE DA CATALOGAÇÃO
Instituição da catalogação original BR-BrBNA
Idioma da catalogação por
Instituição que transcreveu o registro Biblioteca Nacional de Agricultura
041 ## - CÓDIGO DE IDIOMA
Código do idioma do texto/trilha sonora ou título diferente (Pt)
072 ## - CÓDIGO DE CATEGORIA DE ASSUNTO
Código de Categoria de Assunto L70; L73; L74
100 1# - ENTRADA PRINCIPAL--NOME PESSOAL
Nome pessoal Brandespin, D.F.
100 1# - ENTRADA PRINCIPAL--NOME PESSOAL
Nome pessoal Magajevski, F.S.
100 1# - ENTRADA PRINCIPAL--NOME PESSOAL
Nome pessoal Girio, R.J.S.
100 1# - ENTRADA PRINCIPAL--NOME PESSOAL
Nome pessoal Lopes, F.L.
100 1# - ENTRADA PRINCIPAL--NOME PESSOAL
Nome pessoal Numberg Junior, R.
100 1# - ENTRADA PRINCIPAL--NOME PESSOAL
Nome pessoal Alessi, A.C.
245 1# - TÍTULO
Título Avaliação das técnicas de Levaditi e imunoistoquímica na detecção de Leptospira interrogans sorovar pomona em órgãos reprodutores de hamsters machos infectados experimentalmente
650 ## - ASSUNTO--TERMO TÓPICO
Cabeçalho tópico ou nome geográfico ANIMAL DE LABORATÓRIO
650 ## - ASSUNTO--TERMO TÓPICO
Cabeçalho tópico ou nome geográfico HAMSTER
650 ## - ASSUNTO--TERMO TÓPICO
Cabeçalho tópico ou nome geográfico LEPTOSPIRA
650 ## - ASSUNTO--TERMO TÓPICO
Cabeçalho tópico ou nome geográfico INFECÇÃO
650 ## - ASSUNTO--TERMO TÓPICO
Cabeçalho tópico ou nome geográfico INDUÇÃO
650 ## - ASSUNTO--TERMO TÓPICO
Cabeçalho tópico ou nome geográfico INOCULAÇÃO
650 ## - ASSUNTO--TERMO TÓPICO
Cabeçalho tópico ou nome geográfico DIAGNÓSTICO
650 ## - ASSUNTO--TERMO TÓPICO
Cabeçalho tópico ou nome geográfico ANÁLISE MULTIVARIADA
650 ## - ASSUNTO--TERMO TÓPICO
Cabeçalho tópico ou nome geográfico HISTOQUÍMICA
650 ## - ASSUNTO--TERMO TÓPICO
Cabeçalho tópico ou nome geográfico HISTOPATOLOGIA
650 ## - ASSUNTO--TERMO TÓPICO
Cabeçalho tópico ou nome geográfico IDENTIFICAÇÃO
773 0# - ENTRADA ANALÍTICA
Título Revista Brasileira de Reprodução Animal (Brazil)
ISSN - International Standard Serial Number ISSN 0102-0803
Partes relacionadas (Jul-Sep 2004), v. 28(3) p. 177-183
Número de controle do registro BR0800805
909 ## -
-- 202311
-- Lúcia
-- 55
-- Lúcia Elande
942 ## - ELEMENTOS DE ENTRADA ADICIONADOS (KOHA)
Fonte da classificação ou esquema de arquivamento na estante Classificação AGRIS
Ocultar no OPAC Não
Tipo de material Koha Analítica
Exemplares
Situação do descarte Fonte da classificação ou esquema de arquivamento na estante Situação física Não pode ser emprestado Biblioteca de origem Biblioteca atual Localização na estante Enumeração do periódico / cronologia Total de empréstimos Data de último acesso Número do exemplar Tipo de material Koha Fonte de aquisição
  Classificação AGRIS   Consulta local Biblioteca Nacional de Agricultura - Binagri Biblioteca Nacional de Agricultura - Binagri   (Jul-Sep 2004), v. 28(3) p. 177-183   29/11/2023 01 Periódicos Portaria Interministerial nº 164/94

BINAGRI

Telefone: (61)3218-2567/2388/3357/2097 - binagri@agro.gov.br

Ministério da Agricultura e Pecuária , Esplanada dos Ministérios, Bloco D, Anexo B, Brasília/DF, CEP: 70.043-900